Calcium and cellular secretion /

Bibliographic Details
Main Author: Rubin, Ronald P.
Format: Book
Language:English
Published: New York : Plenum Press, [1982]
Subjects:

MARC

Tag First Indicator Second Indicator Subfields
LEADER 00000cam a2200000 a 4500
001 in00000097098
005 20150924085007.0
008 820407s1982 nyua b 00110 eng
010 |a  82007489  
020 |a 030640978X 
035 |a (OCoLC)08387170 
035 |9 AAK8972AM 
039 0 |a 2  |b 3  |c 3  |d 3  |e 3 
040 |a DLC  |c DLC  |d CUX  |d KUM  |d TXA  |d UtOrBLW 
049 |a TXAM  |c [388847] 
050 0 0 |a QP190  |b  R8 1982 
060 0 |a QV 276 R896ca 1982 
082 0 |a 574.87/6  |2 19 
100 1 |a Rubin, Ronald P. 
245 1 0 |a Calcium and cellular secretion /  |c Ronald P. Rubin. 
264 1 |a New York :  |b Plenum Press,  |c [1982] 
264 4 |c ©1982 
300 |a xi, 276 pages :  |b illustrations ;  |c 24 cm. 
336 |a text  |b txt  |2 rdacontent 
337 |a unmediated  |b n  |2 rdamedia 
338 |a volume  |b nc  |2 rdacarrier 
500 |a Includes index. 
504 |a Bibliography: pages 219-264. 
650 0 |a Secretion. 
650 0 |a Calcium  |x Physiological effect. 
650 2 |a Calcium  |x physiology. 
650 2 |a Calcium  |x secretion. 
650 2 |a Cells  |x secretion. 
999 |a MARS 
999 f f |s 3d0d9ac9-3e48-3aff-8fcc-da4970d0dfc5  |i 8dc83b67-2af7-3466-9a61-975e2b1a7b10  |t 0 
952 f f |p ric  |a Texas A&M University  |b Rellis Campus  |c Joint Library Facility  |d Remote Storage  |t 0  |e QP190 R8 1982  |h Library of Congress classification  |i unmediated -- volume  |m A14806041255 
998 f f |a QP190 R8 1982  |t 0  |l Remote Storage